000
00239nam a22001217a 4500
003
SGT
082
_a
823
_b
JOY
100
_a
JOYCE JAMES
245
_a
DUBLINERS
260
_a
LONDON
_b
HARPER PUB
_c
2011
300
_a
242
942
_2
ddc
_c
BK
999
_c
33572
_d
33572